000 00704nam a2200217Ii 4500
003 JO-AjNU
008 230605s9999||||xx |||||||||||||| ||und||
017 _a2006/5/1252
040 _aJO-AjNU
_bara
_erda
_cJO-AjNU
041 _aara
050 1 4 _aBF698.A9982.2006
100 3 _aالعزام،سهيل محمد,
_eauthor
_913820
245 0 0 _aمشكلات نمو الشخصية
250 _aط1
264 3 1 _aاربد:سهيل محمد العزام ، 2006
300 _a59ص
336 _atext
_btxt
_2rdacontent
337 _aunmediated
_bn
_2rdamedia
338 _avolume
_bnc
_2rdacarrier
650 4 _aعلم النفس الفردي-سيكولوجية الشخصية-نمو الافراد
_913821
999 _aA3539
_c7107
_d7107